Kuzeydoğu Anadolu'da mimari=Architecture in Northeastern Anatolia : (Record no. 13019)

MARC details
000 -BAŞLIK
Sabit Uzunlukta Kontrol Alanı 00906nam a2200217 4500
999 ## - SİSTEM KONTROL NUMARALARI (KOHA)
Koha Biblionumber 13019
Koha Biblioitemnumber 13019
003 - KONTROL NUMARASI IDENTIFIER
Denetim Alanı MIRAKIL
005 - SON İŞLEM TARİHİ VE ZAMANI
Denetim Alanı 20190322144258.0
008 - SABİT-BOY VERİ ELEMANLARI - GENEL BİLGİLER
Sabit Uzunlukta Kontrol Alanı
020 ## - ULUSLARARASI STANDART KİTAP NUMARASI
Uluslararası Standart Kitap Numarası 9789757235965
040 ## - KATALOGLAMA KAYNAK
Metne Dönüştürmek Ajansı TR-AnCHP
Orijinal Kataloglama Ajansı TR-AnCHP
082 ## - DEWEY ONLU SINIFLANDIRMA NUMARASI
Sınıflandırma Numarası 720.956
Ürün Numarası K89 2009
245 10 - BAŞLIK TABLOSU
Başlık Kuzeydoğu Anadolu'da mimari=Architecture in Northeastern Anatolia :
Başlığın Kalan Kars Ani-Kağızman, Ardahan Çıldır, Erzurum Oltu-Şenkaya, Rize Hemşin-Çamlıhemşin /
Sorumluluk Tablosu, Vb editörler Murat Ural, Figen Kuzucu.
246 34 - UNVAN FORM VARYING
Başlık Doğru / Kısa Başlığı Architecture in Northeastern Anatolia.
260 ## - YAYIN, DAĞITIM, VB
Yayın, Dağıtım, Vb Yeri İstanbul:
Yayıncı, Dağıtıcı, Vs Adı Milli Reasurans Sanat Galerisi,
Yayın, Dağıtım, Vb Tarihi 2009.
300 ## - FİZİKSEL TANIM
Kapsam 255 s. :
Diğer Fiziksel Ayrıntıları fotğ., hrt. ;
Boyutlar 32 sm.
650 #0 - KONU KATMA GİRİŞ - TOPİKAL DÖNEM
Topikal Süreli Veya Coğrafi Ad Giriş Elemanı Mimari
9 (RLIN) 5545
Genel Alt Bölümü Kuzeydoğu Anadolu
700 ## - KATMA GİRİŞ - KİŞİSEL İSİM
Kişisel Ad Ural, Murat
9 (RLIN) 5548
Relator Terim ed.
700 ## - KATMA GİRİŞ - KİŞİSEL İSİM
Kişisel Ad Kuzucu, Figen
9 (RLIN) 5549
Relator Terim ed.
740 ## - KATMA GİRİŞ - KONTROLSUZ İLGİLİ / ANALİTİK BAŞLIK
Kontrol Edilmeyen / İlgili Analitik Başlıktaki Kars Ani-Kağızman, Ardahan Çıldır, Erzurum Oltu-Şenkaya, Rize Hemşin-Çamlıhemşin
942 ## - EKLENDİ GİRİŞ ELEMANLARI (KOHA)
Sınıflandırma Veya Raf Düzeni Kaynak Dewey Decimal Classification
Koha Öğesi Türü Books
Holdings
Kalıcı Konum Mevcut Konum Edinme Tarihi Toplam Check-Out'Lar Tam Çağrı Numarası Barkod Tarih Son Görülme İtibaren Geçerli Fiyatlar Koha Öğesi Türü
CHP Kütüphanesi CHP Kütüphanesi 03/22/2019   720.9561 K89 2009 019078 03/22/2019 03/22/2019 Books